Online
Catalog

Obras hidráulicas / (Record no. 25854)

MARC details
000 -CABECERA
campo de control de longitud fija 00663nam a2200217 a 4500
001 - NÚMERO DE CONTROL
campo de control 000026362
005 - FECHA Y HORA DE LA ÚLTIMA TRANSACCIÓN
campo de control 20200930024529.0
008 - DATOS DE LONGITUD FIJA--INFORMACIÓN GENERAL
campo de control de longitud fija 110315s1978 sp a r 000 0 spa d
020 ## - NÚMERO INTERNACIONAL ESTÁNDAR DEL LIBRO
Número Internacional Estándar del Libro 8432929204
040 ## - FUENTE DE LA CATALOGACIÓN
Centro catalogador/agencia de origen DO-SdBNP
Lengua de catalogación spa
Centro/agencia transcriptor BNPHU
082 ## - NÚMERO DE LA CLASIFICACIÓN DECIMAL DEWEY
Número de clasificación xxx
Número de documento/Ítem Z96o, 1978
049 ## - FONDOS LOCALES (OCLC)
Fondos de biblioteca BNGR
100 1# - ENTRADA PRINCIPAL--NOMBRE DE PERSONA
Nombre de persona Zurita Ruiz, José
9 (RLIN) 53389
245 10 - MENCIÓN DE TÍTULO
Título Obras hidráulicas /
Mención de responsabilidad, etc. José Zurita Ruiz.
250 ## - MENCIÓN DE EDICIÓN
Mención de edición 3ª ed.
260 ## - PUBLICACIÓN, DISTRIBUCIÓN, ETC.
Lugar de publicación, distribución, etc. Barcelo, (España) :
Nombre del editor, distribuidor, etc. Ediciones Ceac,
Fecha de publicación, distribución, etc. 1978.
300 ## - DESCRIPCIÓN FÍSICA
Extensión 260, [4] p. :
Otras características físicas il. ;
Dimensiones 22 cm.
490 1# - MENCIÓN DE SERIE
Mención de serie Monografías ceac sobre construcción
Designación de volumen o secuencia 20
500 ## - NOTA GENERAL
Nota general Incluye índices
830 #0 - PUNTO DE ACCESO ADICIONAL DE SERIE-TÍTULO UNIFORME
Título uniforme Monografías ceac sobre construcción ;
Designación de volumen o secuencia 20
9 (RLIN) 53390
Holdings
Estado de retiro Estado de pérdida Restricciones de uso No para préstamo Código de colección Localización permanente Ubicación/localización actual Ubicación en estantería Fecha de adquisición Número de inventario Total de préstamos Signatura topográfica completa Código de barras Fecha visto por última vez Precio válido a partir de Tipo de ítem Koha
        Monografías: Libros y Folletos General General En catalogación 15.03.2011 LF1   xxx Z96o, 1978 26362-10 25.06.2020 25.06.2020 Préstamo en sala

Powered by Koha